Представление документа в формате RUSMARC

ПолеНазваниеЗначение
  Тип записи a
  Библиографический уровень m
001 Контрольный номер a63744143d8c4c9483659d27299acb03
005 Дата корректировки 20150812102306.5
010 Индекс ISBN __
a ISBN 978-5-9916-4643-7
d Цена 508,97
010 Индекс ISBN __
d Цена 380.00
101 Язык документа 0_
a Язык текста rus
102 Страна публикации __
a Страна публикации RU
200 Заглавие и сведения об ответственности 1_
g Последующие сведения об ответственности под ред. Н. В. Антоновой, Н. Л. Ивановой
a Заглавие Консультирование и коучинг персонала в организации
e Сведения, относящиеся к заглавию учебник и практикум для бакалавриата и магистратуры
f Первые сведения об ответственности Нац. исслед. ун-т "Высш. шк. экон."
210 Выходные данные 1_
a Место издания Москва
c Издательство Юрайт
d Дата издания 2015
215 Физическое описание __
a Объем 370 с.
225 Серия 2_
a Серия Бакалавр и магистр. Академический курс
300 Общие примечания __
a Общие примечания ХР-97015, ЧЗ-1
610 Ключевые слова 0_
a Ключевые слова управление персоналом
a Ключевые слова коучинг
a Ключевые слова консалтинг
a Ключевые слова управление конфликтами
a Ключевые слова деловая этика
686 Индексы других классификаций __
a Классификационный индекс У290
686 Индексы других классификаций __
a Классификационный индекс 65.050.9(2)2я73
702 Вторичная интеллектуальная ответственность _1
a Фамилия Антонова
b Имя Н. В.
e Роль лиц Редактор
4 Код отношения 340
702 Вторичная интеллектуальная ответственность _1
a Фамилия Иванова
b Имя Н. Л.
e Роль лиц Редактор
4 Код отношения 340
801 Источник записи _0
a Страна RU
b Организация РУК
g Правила каталогизации PSBO
801 Источник записи _1
a Страна RU
b Организация РУК
g Правила каталогизации PSBO
852 Данные о местонахождении __
i Авторский знак К65
j Шифр хранения У290
852 Данные о местонахождении __
i Авторский знак К 65
j Шифр хранения ББК 65.050
901 Тип документа __
t Тип документа m
937 Технологическая информация __
a Создатель записи (имя) Смирнова
937 Технологическая информация __
a Создатель записи (имя) Майорова
938 Служебная информация __
a Название организации Чебоксарский филиал
938 Служебная информация __
a Название организации Владимирский филиал
938 Служебная информация __
a Название организации Головной вуз
952 Тип литературы __
b Гриф литературы для ВШ гриф УМО
c Вид литературы учебник